[Event "GER-chT U12"]
[Site "Verden"]
[Date "2014.12.29"]
[Round "6.3"]
[White "Breitzmann, Sander"]
[Black "Hoefs, Cederik"]
[Result "1-0"]
[WhiteElo "1410"]
[BlackElo "1163"]
[PlyCount "113"]
[EventDate "2014.12.27"]
[EventType "team-swiss"]
[EventRounds "7"]
[EventCountry "GER"]
[SourceTitle "EXT 2016"]
[Source "ChessBase"]
[SourceDate "2015.10.08"]
[SourceVersion "1"]
[SourceVersionDate "2015.10.08"]
[SourceQuality "1"]
[WhiteTeam "Berlin Empor"]
[BlackTeam "Harksheide"]
[WhiteTeamCountry "GER"]
[BlackTeamCountry "GER"]

1. e4 c6 2. d4 d5 3. e5 Bf5 4. h4 h6 5. Bd3 Bxd3 6. Qxd3 e6 7. c3 Nd7 8. Nf3 c5 9. 0-0 Be7 10. h5 f6 11. Qg6+ Kf8 12. Bf4 Qe8 13. Qg4 f5 14. Qh3 g5 15. hxg6 Qxg6 16. Kh1 Ke8 17. Rg1 h5 18. dxc5 Nxc5 19. Be3 Ne4 20. Nbd2 Kd7 21. Nxe4 fxe4 22. Nd4 Qg4 23. f3 exf3 24. Qxf3 Qxf3 25. gxf3 h4 26. Rg6 Bc5 27. Rxe6 Bxd4 28. Rd6+ Kc7 29. cxd4 Rc8 30. Rxd5 Ne7 31. Rc1+ Kb8 32. Rdc5 Rhf8 33. Rxc8+ Nxc8 34. f4 Ne7 35. Rd1 Nd5 36. Re1 Kc8 37. Re2 Kd8 38. Kh2 Nxe3 39. Rxe3 Rxf4 40. Rd3 Kd7 41. d5 Rf5 42. Re3 b6 43. e6+ Ke7 44. d6+ Kxd6 45. e7 Rf2+ 46. Kh3 Rxb2 47. e8Q Rxa2 48. Rd3+ Kc7 49. Qd7+ Kb8 50. Qe8+ Kb7 51. Rd7+ Ka6 52. Qc8+ Kb5 53. Rd5+ Kb4 54. Qg4+ Kc3 55. Qd4+ Kc2 56. Qd3+ Kc1 57. Qc3+ 1-0

[Event "GER-chT North U12"]
[Site "Magdeburg"]
[Date "2014.09.12"]
[Round "3.3"]
[White "Schlosser, Justin"]
[Black "Hoefs, Cederik"]
[Result "1/2-1/2"]
[WhiteElo "1274"]
[BlackElo "1129"]
[PlyCount "78"]
[EventDate "2014.09.11"]
[EventType "team-swiss"]
[EventRounds "7"]
[EventCountry "GER"]
[SourceTitle "EXT 2016"]
[Source "ChessBase"]
[SourceDate "2015.10.08"]
[SourceVersion "1"]
[SourceVersionDate "2015.10.08"]
[SourceQuality "1"]
[WhiteTeam "Halle Reideburger"]
[BlackTeam "Harksheide"]
[WhiteTeamCountry "GER"]
[BlackTeamCountry "GER"]

1. e4 c6 2. d4 d5 3. exd5 cxd5 4. Nf3 Bg4 5. h3 Bh5 6. Be2 e6 7. Ne5 Bxe2 8. Qxe2 Bd6 9. 0-0 Nf6 10. Bg5 0-0 11. Nc3 Na6 12. Bxf6 Qxf6 13. Nb5 Bxe5 14. dxe5 Qg6 15. Nd6 Nb4 16. c3 Nc6 17. Qb5 Nxe5 18. Qxb7 Rfd8 19. Qa6 Nf3+ 20. Kh1 Nh4 21. Rg1 e5 22. Qa4 e4 23. Nb7 Rdb8 24. Na5 Rxb2 25. Nc6 Rb7 26. Rab1 Rc7 27. Nd4 h6 28. Qa5 Rd7 29. Qb5 Rdd8 30. Nc6 a6 31. Ne7+ Kh7 32. Nxg6 axb5 33. Nxh4 Rxa2 34. Rxb5 Rxf2 35. Re1 g5 36. Kg1 Rf6 37. Nf5 Rxf5 38. Rxe4 Kg6 39. Rb6+ f6 1/2-1/2

[Event "GER-ch U10"]
[Site "Oberhof"]
[Date "2013.05.22"]
[Round "7"]
[White "Jaenecke, Maike"]
[Black "Hoefs, Cederik"]
[Result "1/2-1/2"]
[WhiteElo "968"]
[BlackElo "915"]
[PlyCount "68"]
[EventDate "2013.05.19"]
[EventType "swiss"]
[EventRounds "11"]
[EventCountry "GER"]
[SourceTitle "CBM 154 Extra"]
[Source "ChessBase"]
[SourceDate "2013.06.25"]
[SourceVersion "2"]
[SourceVersionDate "2013.06.25"]
[SourceQuality "1"]

1. e4 e5 2. Nf3 Nc6 3. Bc4 Nf6 4. d3 Bc5 5. c3 0-0 6. 0-0 d6 7. Nbd2 Be6 8. Bb3 d5 9. Re1 dxe4 10. dxe4 Re8 11. Nf1 Re7 12. Qe2 Ng4 13. Be3 Nxe3 14. Nxe3 Qe8 15. Red1 Na5 16. Bc2 Rd8 17. Rxd8 Qxd8 18. Rd1 Qe8 19. Qd2 Rd7 20. Qe2 Bxa2 21. Rxd7 Qxd7 22. Nxe5 Qe6 23. Nf3 h6 24. b4 Bxe3 25. Qxe3 Nc4 26. Qxa7 Nd6 27. Nd4 Qc4 28. Qa8+ Kh7 29. e5+ g6 30. exd6 Qxc3 31. h3 Qe1+ 32. Kh2 Qe5+ 33. g3 Qxd4 34. Qxa2 Qxf2+ 1/2-1/2

[Event "GER-ch U10"]
[Site "Oberhof"]
[Date "2013.05.21"]
[Round "5"]
[White "Ziegenfuss, Antonia"]
[Black "Hoefs, Cederik"]
[Result "1-0"]
[WhiteElo "1064"]
[BlackElo "915"]
[PlyCount "139"]
[EventDate "2013.05.19"]
[EventType "swiss"]
[EventRounds "11"]
[EventCountry "GER"]
[SourceTitle "CBM 154 Extra"]
[Source "ChessBase"]
[SourceDate "2013.06.25"]
[SourceVersion "2"]
[SourceVersionDate "2013.06.25"]
[SourceQuality "1"]

1. e4 e5 2. Nc3 Nf6 3. Bc4 Bc5 4. d3 d6 5. f4 Bg4 6. Nf3 Nc6 7. Na4 Qd7 8. Nxc5 dxc5 9. h3 Be6 10. Bb3 0-0-0 11. 0-0 Bxb3 12. axb3 Kb8 13. Be3 Qd6 14. Qd2 Rhe8 15. Ra2 a6 16. Qc3 Nd4 17. Bxd4 cxd4 18. Qa5 exf4 19. e5 Qc6 20. exf6 gxf6 21. Rc1 Rd5 22. Qd2 Re3 23. Ra5 Rd6 24. Re1 f5 25. Rxf5 f6 26. Rxf4 Qd5 27. Rxd4 Rxe1+ 28. Qxe1 Qc5 29. Qf2 a5 30. Rxd6 Qxd6 31. Qd4 Qc6 32. c3 Qb5 33. Nh2 Qxb3 34. Qxf6 Qxb2 35. Qd8+ Ka7 36. Qxc7 Qb6+ 37. Qxb6+ Kxb6 38. Nf3 a4 39. Nd2 Kc6 40. Nc4 b5 41. Na3 Kc5 42. Kf2 b4 43. cxb4+ Kxb4 44. Nc2+ Kc3 45. Na3 Kxd3 46. Ke1 Kc3 47. Kd1 Kb2 48. Nc2 Kc3 49. g4 Kc4 50. Kd2 h6 51. h4 Kd5 52. Ke3 Ke6 53. Kf4 Kf6 54. Na3 Kg7 55. Kf5 Kf7 56. Nc2 Kg7 57. g5 hxg5 58. hxg5 Kf7 59. g6+ Kg7 60. Na3 Kg8 61. Kf6 Kf8 62. g7+ Kg8 63. Nc2 a3 64. Nxa3 Kh7 65. Kf7 Kh6 66. g8Q Kh5 67. Kf6 Kh4 68. Nc2 Kh3 69. Ne3 Kh2 70. Qg2# 1-0

[Event "GER-ch U10"]
[Site "Oberhof"]
[Date "2013.05.20"]
[Round "3"]
[White "Eulitz, Charlotte"]
[Black "Hoefs, Cederik"]
[Result "1-0"]
[WhiteElo "1009"]
[BlackElo "915"]
[PlyCount "125"]
[EventDate "2013.05.19"]
[EventType "swiss"]
[EventRounds "11"]
[EventCountry "GER"]
[SourceTitle "CBM 154 Extra"]
[Source "ChessBase"]
[SourceDate "2013.06.25"]
[SourceVersion "2"]
[SourceVersionDate "2013.06.25"]
[SourceQuality "1"]

1. e4 e5 2. Nf3 Nc6 3. Bc4 Bc5 4. c3 Nf6 5. d4 exd4 6. cxd4 Bb4+ 7. Bd2 Bxd2+ 8. Nbxd2 0-0 9. 0-0 d6 10. h3 d5 11. exd5 Nxd5 12. Re1 Re8 13. Rxe8+ Qxe8 14. Bxd5 Bf5 15. Rc1 Rd8 16. Bxc6 bxc6 17. Nb3 Rb8 18. d5 Rd8 19. Rc5 Be6 20. Qc2 Bxd5 21. Nbd4 Rd6 22. Qa4 Bxf3 23. Nxf3 f6 24. Qxa7 Rd1+ 25. Kh2 Rd7 26. Rxc6 Qe7 27. Qb8+ Kf7 28. Qb3+ Kf8 29. Ra6 Rd8 30. a4 g6 31. Qc3 Kg7 32. g4 Kf8 33. Rxf6+ Kg8 34. Qe5 Qd7 35. Qe6+ Qxe6 36. Rxe6 Rf8 37. Kg3 c5 38. Rc6 Ra8 39. Rxc5 Rxa4 40. Rc8+ Kg7 41. Rb8 h6 42. b4 Kf6 43. Rb6+ Kg7 44. b5 Rb4 45. Rb7+ Kf6 46. b6 g5 47. Rb8 Rb3 48. b7 Ke6 49. Re8+ Kd7 50. b8Q Rxb8 51. Rxb8 Ke6 52. Rb6+ Kf7 53. Rxh6 Kg7 54. Ra6 Kf7 55. Nxg5+ Kg7 56. Kf4 Kf8 57. Ra7 Ke8 58. Ke5 Kd8 59. Kd6 Kc8 60. Rh7 Kb8 61. Kc6 Ka8 62. Kb6 Kb8 63. Rh8# 1-0